Forest dynamics : (Record no. 15956)

000 -LEADER
fixed length control field 00598cam a2200181 a 4500
020 ## - INTERNATIONAL STANDARD BOOK NUMBER
ISBN 0195065557 (acidfree paper) :
040 ## - CATALOGING SOURCE
Transcribing agency DLC
082 00 - DEWEY DECIMAL CLASSIFICATION NUMBER
Classification number 581 OXF 1993 A082 Or.
100 1# - MAIN ENTRY--AUTHOR NAME
Personal name Botkin, Daniel B.
245 10 - TITLE STATEMENT
Title Forest dynamics :
Remainder of title an ecological model /
260 ## - PUBLICATION, DISTRIBUTION, ETC. (IMPRINT)
Place of publication Oxford ;
-- New York :
Name of publisher Oxford University Press,
Year of publication 1993.
300 ## - PHYSICAL DESCRIPTION
Number of Pages x, 309 p. :
Other physical details ill., maps ;
Dimensions 25 cm.
650 #0 - SUBJECT ADDED ENTRY--TOPICAL TERM
Topical Term Forest ecology
650 #0 - SUBJECT ADDED ENTRY--TOPICAL TERM
Topical Term Trees
856 42 - ELECTRONIC LOCATION AND ACCESS
Uniform Resource Identifier http://www.loc.gov/catdir/enhancements/fy0604/91019555-d.html
856 41 - ELECTRONIC LOCATION AND ACCESS
Uniform Resource Identifier http://www.loc.gov/catdir/enhancements/fy0604/91019555-t.html
942 ## - ADDED ENTRY ELEMENTS (KOHA)
Koha item type សៀវភៅភាសាអង់គ្លេស
952 ## - LOCATION AND ITEM INFORMATION (KOHA)
Withdrawn status [LOCAL, KOHA] 0
Holdings
Permanent Location Date acquired Koha item type Lost status Shelving location Barcode Current Location Full call number
Library Block A2017-12-20សៀវភៅភាសាអង់គ្លេស A082A14872Library Block A581 OXF 1993 A082 Or.
មជ្ឈមណ្ឌលឯការនៃសាកលវិទ្យាល័យភូមិន្ទកសិកម្មចំការដូង

Powered by Koha